01275 2200385 4500001002100000005001500021035002000036007000300056008004100059020002200100040002200122082001500144084001700159090002100176090002200197100002700219245018000246250003500426300006000461650002500521700002600546700003200572700002300604700002400627700002000651700003000671850001200701041000800713504002500721264004700746336002100793337003000814338002300844990002200867INLIS00000000084798420190529011817 a0010-0519001319ta190529s2018 yoia g ind d a978-602-1546-93-2 aYOPDYOGbinderda04223a539.73 a539.73 SUS a aDEP 539.73 SUS a aCB-D.11 2018-26320 aSusilo Widodoepenulis10aAkselerator partikel :bperkembangannya di Indonesia /cpenulis, Susilo Widodo; editor, Hari Suryanto, Pramudita Anggraita, Sudjatmoko, Silakhuddin, Darsono, Yohannes Sardjono aCetakan pertama, Desember 2018 axxvii, 107 halaman :bilustrasi, tabel, grafik ;c23 cm 4aMesin tenaga listrik0 aHari Suryantoeeditor0 aPramudita Anggraitaeeditor0 aSudjatmokoeeditor0 aSilakhuddineeditor0 aDarsonoeeditor0 aYohannes Sardjonoeeditor aYOPDYOG0 aind aTermasuk bibliografi31aYogyakarta :bLintang Pustaka Utama,c2018 2rdacontentateks 2rdamediaatanpa perantara 2rdacarrieravolume aCB-D.11/2018-2632